[Event "Riadh Rapid op"]
[Site "Riadh"]
[Date "2023.03.18"]
[Round "7"]
[White "Al Abdali, Zeyad Saleh"]
[Black "Khairallah, Faisal"]
[Result "0-1"]
[WhiteElo "1749"]
[BlackElo "2245"]
[PlyCount "60"]
[EventDate "2023.03.17"]
[EventType "swiss (rapid)"]
[EventRounds "9"]
[EventCountry "SAU"]
[SourceTitle "CBM 213 Extra"]
[Source "ChessBase"]
[SourceDate "2023.05.31"]
[SourceVersion "1"]
[SourceVersionDate "2023.05.31"]
[SourceQuality "1"]

1. c4 Nf6 2. Nf3 e6 3. g3 d5 4. e3 Be7 5. Nc3 0-0 6. b3 c5 7. d4 cxd4 8. exd4 Ne4 9. Bb2 Bb4 10. Rc1 Qa5 11. Qd3 Qxa2 12. Qc2 dxc4 13. Bxc4 Nxc3 14. Bxc3 Qxc2 15. Rxc2 Bxc3+ 16. Rxc3 Nc6 17. 0-0 Rd8 18. Rd1 h6 19. Be2 Bd7 20. b4 Rac8 21. Rdc1 Nxb4 22. Ne5 Rxc3 23. Rxc3 Bc6 24. Nxc6 Nxc6 25. Bf1 Rxd4 26. Kg2 Kf8 27. Rb3 Rb4 28. Rc3 Ke7 29. Kh3 a5 30. Bg2 Kd6 0-1

[Event "Riadh Rapid op"]
[Site "Riadh"]
[Date "2023.03.17"]
[Round "2"]
[White "Khairallah, Faisal"]
[Black "Alharthi, Ahmed Mohammed A"]
[Result "0-1"]
[WhiteElo "2245"]
[BlackElo "1879"]
[PlyCount "66"]
[EventDate "2023.03.17"]
[EventType "swiss (rapid)"]
[EventRounds "9"]
[EventCountry "SAU"]
[SourceTitle "CBM 213 Extra"]
[Source "ChessBase"]
[SourceDate "2023.05.31"]
[SourceVersion "1"]
[SourceVersionDate "2023.05.31"]
[SourceQuality "1"]

1. d4 Nf6 2. Bf4 e6 3. e3 d5 4. Nd2 c5 5. c3 Bd6 6. Bg3 Nc6 7. Ngf3 Qe7 8. Bb5 0-0 9. 0-0 Bd7 10. Bxc6 Bxc6 11. Bxd6 Qxd6 12. Ne5 Nd7 13. f4 f6 14. Nxd7 Bxd7 15. Nf3 cxd4 16. cxd4 Bb5 17. Re1 Rac8 18. Qd2 Rc6 19. Rec1 Rfc8 20. Rxc6 Qxc6 21. h3 Qc2 22. Qb4 Qd3 23. Kh2 Kf7 24. Re1 Rc2 25. a4 Bc6 26. Qd6 Qe4 27. Nh4 Bxa4 28. f5 exf5 29. b3 Bb5 30. Qb8 Qxh4 31. Qxb7+ Kg6 32. Qxb5 Qxe1 33. Qe8+ Kh6 0-1

[Event "Beirut op 11th"]
[Site "Beirut"]
[Date "2022.11.15"]
[Round "5"]
[White "Khairallah, Faisal"]
[Black "Attieh, Wael"]
[Result "1-0"]
[WhiteElo "2244"]
[BlackElo "1781"]
[PlyCount "79"]
[EventDate "2022.11.12"]
[EventType "swiss"]
[EventRounds "9"]
[EventCountry "LBN"]
[SourceTitle "CBM 211 Extra"]
[Source "ChessBase"]
[SourceDate "2023.01.31"]
[SourceVersion "1"]
[SourceVersionDate "2023.01.31"]
[SourceQuality "1"]

1. c4 e5 2. Nc3 Nf6 3. g3 Nc6 4. Bg2 Be7 5. e4 d6 6. Nge2 Be6 7. b3 Qd7 8. h3 g6 9. d4 exd4 10. Nxd4 h6 11. Nd5 Bxd5 12. cxd5 Nxd4 13. Qxd4 c5 14. dxc6 bxc6 15. 0-0 Rc8 16. Rd1 c5 17. Qd3 Qe6 18. Qa6 Rc7 19. Bf4 0-0 20. Bxh6 Rd8 21. Bd2 Rb8 22. Ba5 Qc8 23. Qe2 Rd7 24. Bc3 Rb6 25. h4 Qa6 26. Qf3 Ne8 27. h5 d5 28. Rxd5 Rxd5 29. exd5 Bf6 30. Re1 Ng7 31. h6 Nf5 32. Bf1 Qxa2 33. Bxf6 Rxf6 34. g4 Qd2 35. Re8+ Kh7 36. gxf5 Rxf5 37. Qe3 Rg5+ 38. Kh2 Qxe3 39. fxe3 Kxh6 40. e4 1-0

[Event "Olympiad-44"]
[Site "Chennai"]
[Date "2022.08.08"]
[Round "10.3"]
[White "Khairallah, Faisal"]
[Black "Diaz Rosas, Julio Cesar"]
[Result "1-0"]
[WhiteElo "2239"]
[BlackElo "2328"]
[PlyCount "93"]
[EventDate "2022.07.29"]
[EventType "team-swiss"]
[EventRounds "11"]
[EventCountry "IND"]
[SourceTitle "CBM 210"]
[Source "ChessBase"]
[SourceDate "2022.10.31"]
[SourceVersion "1"]
[SourceVersionDate "2022.10.31"]
[SourceQuality "1"]
[WhiteTeam "Lebanon"]
[BlackTeam "Mexico"]
[WhiteTeamCountry "LBN"]
[BlackTeamCountry "MEX"]

1. d4 d5 2. c4 e6 3. Nc3 Nf6 4. cxd5 exd5 5. Bg5 Nbd7 6. e3 c6 7. Bd3 Bd6 8. Qc2 Nf8 9. Bh4 Ng6 10. Bg3 0-0 11. Nge2 Re8 12. 0-0 Nh5 13. Bxd6 Qxd6 14. Rab1 Qf6 15. b4 a6 16. Na4 Qd8 17. Nc5 Nf6 18. a4 Qc7 19. Ng3 Ng4 20. Rfe1 Re7 21. Nf1 Qd6 22. f3 Nf6 23. Qc3 Rc7 24. e4 dxe4 25. fxe4 Qf4 26. Rb2 Bd7 27. Rf2 Qh6 28. Bc4 Be8 29. Qg3 Rac8 30. Ne3 Qh4 31. Qf3 Rd8 32. Nf5 Qg5 33. e5 b5 34. Ba2 Ng4 35. Qg3 Qh5 36. Rff1 Nh6 37. Nd6 Re7 38. a5 Ra8 39. Re4 Nf8 40. Ref4 Ng6 41. Re4 Nf8 42. Bb3 Kh8 43. Rh4 Qg6 44. Qf3 Qg5 45. Qf4 Qg6 46. Rh3 f5 47. exf6 1-0

[Event "Online Olym Div3 B"]
[Site "Chess.com INT"]
[Date "2021.08.27"]
[Round "1.3"]
[White "Zaibi, Amir"]
[Black "Khairallah, Faisal"]
[Result "0-1"]
[WhiteElo "2398"]
[BlackElo "2247"]
[PlyCount "32"]
[EventDate "2021.08.27"]
[EventType "team-tourn (rapid)"]
[EventRounds "9"]
[EventCountry "USA"]
[SourceTitle "CBM 204 Extra"]
[Source "ChessBase"]
[SourceDate "2021.11.30"]
[SourceVersion "1"]
[SourceVersionDate "2021.11.30"]
[SourceQuality "1"]
[WhiteTeam "Tunisia"]
[BlackTeam "Lebanon"]
[WhiteTeamCountry "TUN"]
[BlackTeamCountry "LBN"]

1. e4 c5 2. Nf3 Nc6 3. Nc3 Nf6 4. d4 cxd4 5. Nxd4 Qb6 6. Be3 Qc7 7. Ndb5 Qa5 8. Bd2 Qd8 9. Nd5 Nxd5 10. exd5 Ne5 11. f4 Ng6 12. Qe2 d6 13. Qc4 Kd7 14. g3 Qb6 15. Qa4 e6 16. 0-0-0 Ke7 0-1

[Event "Asia Nations online Cup"]
[Site "Chess.com INT"]
[Date "2020.10.18"]
[Round "7.13"]
[White "Khairallah, Faisal"]
[Black "Maung, Maung Kyaw Zaw"]
[Result "1-0"]
[WhiteElo "2247"]
[BlackElo "2121"]
[PlyCount "95"]
[EventDate "2020.10.10"]
[EventType "team-swiss (rapid)"]
[EventRounds "9"]
[EventCountry "IND"]
[SourceTitle "CBM 198 Extra"]
[Source "ChessBase"]
[SourceDate "2020.11.30"]
[SourceVersion "1"]
[SourceVersionDate "2020.11.30"]
[SourceQuality "1"]
[WhiteTeam "Lebanon"]
[BlackTeam "Myanmar"]
[WhiteTeamCountry "LBN"]
[BlackTeamCountry "MYA"]

1. d4 d5 2. Bf4 Nf6 3. e3 c5 4. c3 Nc6 5. Nd2 Bf5 6. Ngf3 e6 7. Nh4 Bg6 8. Nxg6 hxg6 9. Qb3 Qd7 10. Be2 Be7 11. 0-0 0-0 12. Rad1 cxd4 13. exd4 Bd6 14. Bg5 Nh7 15. Be3 f5 16. f4 Nf6 17. Nf3 Ne4 18. Ne5 Nxe5 19. fxe5 Be7 20. c4 g5 21. cxd5 exd5 22. Bb5 Qe6 23. Bd3 g4 24. Rc1 Rad8 25. Rc7 Rd7 26. Qxb7 Rxc7 27. Qxc7 g5 28. Rc1 f4 29. Rc6 Qf7 30. Bc1 g3 31. Be2 gxh2+ 32. Kxh2 Qh7+ 33. Kg1 Ng3 34. Ba6 Qh1+ 35. Kf2 Ne4+ 36. Ke2 Qxg2+ 37. Kd3 Nf2+ 38. Kc3 Qf3+ 39. Kc2 Qe4+ 40. Kb3 Qxd4 41. Qxe7 Rb8+ 42. Ka3 Qe4 43. Qe6+ Kf8 44. Qd6+ Kg7 45. Rc7+ Kg8 46. Qe6+ Kh8 47. Qf6+ Kg8 48. Qg7# 1-0

[Event "Asia Nations online Cup"]
[Site "Chess.com INT"]
[Date "2020.10.10"]
[Round "1.18"]
[White "Khairallah, Faisal"]
[Black "Nezad, Husein Aziz"]
[Result "0-1"]
[WhiteElo "2247"]
[BlackElo "2386"]
[PlyCount "88"]
[EventDate "2020.10.10"]
[EventType "team-swiss (rapid)"]
[EventRounds "9"]
[EventCountry "IND"]
[SourceTitle "CBM 198 Extra"]
[Source "ChessBase"]
[SourceDate "2020.11.30"]
[SourceVersion "1"]
[SourceVersionDate "2020.11.30"]
[SourceQuality "1"]
[WhiteTeam "Lebanon"]
[BlackTeam "Qatar"]
[WhiteTeamCountry "LBN"]
[BlackTeamCountry "QAT"]

1. Nf3 d5 2. g3 c6 3. Bg2 Bg4 4. b3 Nd7 5. Bb2 Ngf6 6. 0-0 e6 7. d3 Bd6 8. c4 0-0 9. Nbd2 Qe7 10. a3 a5 11. Qc2 Rfd8 12. e4 dxe4 13. Nxe4 Nxe4 14. dxe4 e5 15. Nh4 Bc5 16. h3 Be6 17. Nf5 Bxf5 18. exf5 Nf6 19. Rfe1 Bd4 20. g4 h6 21. Rad1 Qc5 22. Kh1 Rd7 23. Bf3 Rad8 24. Kg2 Bxb2 25. Rxd7 Rxd7 26. Qxb2 Rd4 27. Rd1 Qd6 28. Qc1 e4 29. Be2 c5 30. h4 Nd7 31. b4 axb4 32. axb4 Rxd1 33. Bxd1 cxb4 34. Bc2 Nc5 35. Qe3 Qe5 36. f4 exf3+ 37. Kxf3 f6 38. g5 Qxe3+ 39. Kxe3 b3 40. Bb1 hxg5 41. hxg5 fxg5 42. Kd4 g4 43. Kxc5 g3 44. Be4 b2 0-1

[Event "Online Olym Div4 C"]
[Site "Chess.com INT"]
[Date "2020.07.31"]
[Round "1.2"]
[White "Khairallah, Faisal"]
[Black "Salim, Mohammed Salim Al"]
[Result "1-0"]
[WhiteElo "2247"]
[BlackElo "1926"]
[PlyCount "103"]
[EventDate "2020.07.31"]
[EventType "team-tourn (rapid)"]
[EventRounds "9"]
[EventCountry "USA"]
[SourceTitle "CBM 198"]
[Source "ChessBase"]
[SourceDate "2020.10.31"]
[SourceVersion "1"]
[SourceVersionDate "2020.10.31"]
[SourceQuality "1"]
[WhiteTeam "Lebanon"]
[BlackTeam "Oman"]
[WhiteTeamCountry "LBN"]
[BlackTeamCountry "OMN"]

1. d4 Nf6 2. Bg5 c5 3. d5 e6 4. Nc3 Qb6 5. Bc1 e5 6. e4 d6 7. Bb5+ Nbd7 8. a4 a6 9. Be2 Be7 10. Nf3 0-0 11. Nd2 h6 12. Nc4 Qc7 13. a5 Nh7 14. f4 Bh4+ 15. g3 Bf6 16. 0-0 b5 17. axb6 Nxb6 18. fxe5 Bxe5 19. Nxe5 dxe5 20. Be3 Ng5 21. h4 Nh7 22. Qd2 f5 23. d6 Qc6 24. Ra5 fxe4 25. Rxc5 Qd7 26. Nxe4 Rxf1+ 27. Bxf1 Qg4 28. Bg2 Nd7 29. Qd5+ Kh8 30. Qxa8 Nxc5 31. Bxc5 g5 32. d7 Qxd7 33. Nd6 gxh4 34. gxh4 Qg4 35. Qxc8+ Qxc8 36. Nxc8 Nf6 37. Ne7 Kg7 38. Nf5+ Kg6 39. Ng3 Nd7 40. Be3 Nf6 41. c4 Ng4 42. Be4+ Kg7 43. Bd2 Nf6 44. c5 a5 45. c6 Ne8 46. Bxa5 Kf6 47. Nf5 h5 48. c7 Nxc7 49. Bxc7 Kg6 50. Bxe5 Kh7 51. Ne7+ Kh6 52. Ng8# 1-0

[Event "Beirut op 10th"]
[Site "Beirut"]
[Date "2019.05.01"]
[Round "7"]
[White "Khairallah, Faisal"]
[Black "Moughames, Ronald"]
[Result "1-0"]
[WhiteElo "2255"]
[BlackElo "1721"]
[PlyCount "73"]
[EventDate "2019.04.25"]
[EventType "swiss"]
[EventRounds "9"]
[EventCountry "LBN"]
[SourceTitle "CBM 190 Extra"]
[Source "ChessBase"]
[SourceDate "2019.07.15"]
[SourceVersion "1"]
[SourceVersionDate "2019.07.15"]
[SourceQuality "1"]

1. d4 Nf6 2. c4 g6 3. Nc3 Bg7 4. e4 d6 5. Nf3 0-0 6. Be2 c5 7. d5 Na6 8. 0-0 e6 9. dxe6 Bxe6 10. Bf4 Qb6 11. Qb3 Qc6 12. Qb5 Qc7 13. Rad1 Rfd8 14. Qb3 Qc6 15. e5 Ne4 16. Nd5 Bxd5 17. cxd5 Qb6 18. Qc2 dxe5 19. Nxe5 Nd6 20. Nc4 Nxc4 21. Bxc4 Nb4 22. Qb3 Qf6 23. Bc7 Qxb2 24. Qxb2 Bxb2 25. Bxd8 Rxd8 26. Rb1 Bd4 27. a3 Nxd5 28. Rxb7 a5 29. Rfb1 Kg7 30. Ra7 a4 31. Rbb7 Nc3 32. Rxf7+ Kh6 33. Rxh7+ Kg5 34. h4+ Kf4 35. g3+ Kg4 36. Rhf7 Be5 37. Be6+ 1-0

[Event "Beirut op 10th"]
[Site "Beirut"]
[Date "2019.04.25"]
[Round "1"]
[White "Slim, Nadim"]
[Black "Khairallah, Faisal"]
[Result "0-1"]
[WhiteElo "1781"]
[BlackElo "2255"]
[PlyCount "54"]
[EventDate "2019.04.25"]
[EventType "swiss"]
[EventRounds "9"]
[EventCountry "LBN"]
[SourceTitle "CBM 190 Extra"]
[Source "ChessBase"]
[SourceDate "2019.07.15"]
[SourceVersion "1"]
[SourceVersionDate "2019.07.15"]
[SourceQuality "1"]

1. e4 c5 2. Nf3 Nc6 3. d4 cxd4 4. Nxd4 Qb6 5. Nb3 Nf6 6. Nc3 e6 7. Be3 Qc7 8. a3 a6 9. f4 d6 10. Bd3 b5 11. 0-0 Be7 12. Qe2 0-0 13. h3 Re8 14. Qf2 Rb8 15. Ne2 Bf8 16. g4 Nd7 17. Ng3 Nb6 18. Nd2 d5 19. e5 d4 20. Nge4 dxe3 21. Qh4 h6 22. Nf3 Nd5 23. g5 Nce7 24. gxh6 Ng6 25. Qg3 Ndxf4 26. hxg7 Bxg7 27. Nf6+ Bxf6 0-1

[Event "LIB-ch 44th"]
[Site "Beirut"]
[Date "2019.01.22"]
[Round "5"]
[White "Al Salman, Mohamad"]
[Black "Khairallah, Faisal"]
[Result "0-1"]
[WhiteElo "1939"]
[BlackElo "2274"]
[PlyCount "46"]
[EventDate "2019.01.17"]
[EventType "tourn"]
[EventRounds "11"]
[EventCountry "LBN"]
[SourceTitle "CBM 188 Extra"]
[Source "ChessBase"]
[SourceDate "2019.02.26"]
[SourceVersion "1"]
[SourceVersionDate "2019.02.26"]
[SourceQuality "1"]

1. d4 d6 2. c4 f5 3. Nc3 Nf6 4. Nf3 g6 5. Qc2 Bg7 6. e3 0-0 7. b3 Nc6 8. Bb2 Bd7 9. 0-0-0 a6 10. Kb1 b5 11. c5 dxc5 12. dxc5 e5 13. Rd2 Qe7 14. b4 Kh8 15. a3 a5 16. Bxb5 axb4 17. Nd5 Nxd5 18. Rxd5 bxa3 19. Qd2 axb2 20. Rxd7 Qxc5 21. Rd5 Ra1+ 22. Kxb2 Qa3+ 23. Kc2 Ra2+ 0-1

[Event "Beirut op 9th"]
[Site "Beirut"]
[Date "2017.10.06"]
[Round "8"]
[White "Khairallah, Faisal"]
[Black "Volkov, Sergey"]
[Result "0-1"]
[WhiteElo "2274"]
[BlackElo "2638"]
[PlyCount "58"]
[EventDate "2017.09.30"]
[EventType "swiss"]
[EventRounds "9"]
[EventCountry "LBN"]
[SourceTitle "CBM 181 Extra"]
[Source "ChessBase"]
[SourceDate "2017.12.12"]
[SourceVersion "1"]
[SourceVersionDate "2017.12.12"]
[SourceQuality "1"]

1. c4 e5 2. g3 g6 3. Bg2 Bg7 4. Nc3 d6 5. e4 Nc6 6. Nge2 h5 7. h4 Nh6 8. Nd5 0-0 9. d3 Kh7 10. 0-0 Be6 11. f3 Qd7 12. Be3 f5 13. Qd2 Nd8 14. b3 c6 15. Ndc3 c5 16. b4 cxb4 17. Nd5 Nc6 18. Nxb4 fxe4 19. fxe4 Ng4 20. Bg5 Nxb4 21. Qxb4 Bh6 22. Bh3 Bxg5 23. hxg5 b5 24. cxb5 Ne3 25. Rxf8 Rxf8 26. Qd2 Rf3 27. Bg2 Qf7 28. Rc1 Nxg2 29. Qc3 Ne3 0-1